000 01259cam a2200385 a 4500
001 2907
003 FISKH
005 20240123101915.0
008 060727s2006 nyua b 000 1 eng
010 _a 2006021468
020 _a9780060853815 (lib. bdg.)
020 _a0060853816 (lib. bdg.)
020 _a9780060853808 (pbk. bdg.)
020 _a0060853808 (pbk. bdg.)
040 _aDLC
_cDLC
_dDLC
_beng
042 _alcac
050 0 0 _aPZ7.G9846
_bMst 2006
082 0 0 _a[Fic]
_222
100 1 _aGutman, Dan.
245 1 0 _aMrs. Patty is batty! /
_cDan Gutman ; pictures by Jim Paillot.
250 _aFirst Harper Trophy edition, 2006
260 _aNew York :
_bHarperTrophy,
_c2006.
300 _a97 pages :
_billustrations ;
_c20 cm
490 0 _aMy weird school ;
_vBook 13
505 _aO
520 _aA.J. and the other students at Ella Mentry School brave trick-or-treating at the school secretary's house, even though it is supposedly haunted.
521 8 _a630
_bLexile
521 8 _aO
_bRaz-Plus
650 1 _aHalloween
_vFiction.
650 1 _aSchools
_vFiction.
650 1 _aHumorous stories.
700 1 _aPaillot, Jim,
_eillustrations
906 _a7
_bcbc
_corignew
_d1
_eecip
_f20
_gy-gencatlg
942 _2ddc
_cBK
_n0
999 _c2907
_d2907